[Event "XIX Carlos Torre Mem"]
[Site "Merida MES"]
[Date "2006.12.17"]
[Round "5"]
[White "Milov, V."]
[Black "Gonzalez Zamora, J."]
[Result "1/2-1/2"]
[WhiteElo "2657"]
[BlackElo "2517"]
[PlyCount "141"]
[EventDate "2006.12.14"]
[Source "www.chesslib.no"]
[SourceDate "2004.05.04"]

1. d4 Nf6 2. c4 e6 3. Nc3 Bb4 4. e3 b6 5. f3 c5 6. d5 Bxc3+ 7. bxc3 d6 8. e4 Qe7 9. Ne2 Nbd7 10. Ng3 Nf8 11. Bd3 h5 12. h4 e5 13. Bg5 N8h7 14. Be3 g6 15. Rb1 Rg8 16. Nf1 Rb8 17. Rb2 Bd7 18. Bf2 Kd8 19. Ne3 Kc7 20. Kd2 Qe8 21. Kc1 Qc8 22. Nc2 Ne8 23. Be3 f5 24. Na3 fxe4 25. fxe4 Nef6 26. Rf1 a6 27. Bg1 Qe8 28. Nc2 Qe7 29. Ne3 Rgf8 30. Kb1 Ng4 31. Rxf8 Rxf8 32. Nxg4 hxg4 33. Qe1 Nf6 34. Be3 Nh5 35. Bh6 Rb8 36. Ka1 g3 37. Bg5 Qf7 38. Qd1 Qe8 39. Qf3 Qf8 40. Qe3 Bg4 41. Rb1 Qg7 42. Bh6 Qe7 43. Bg5 Qg7 44. Bh6 Qe7 45. Rf1 Rh8 46. Bg5 Qg7 47. Kb2 Qd7 48. Be2 Bxe2 49. Qxe2 b5 50. cxb5 Rb8 51. a4 axb5 52. axb5 Rxb5+ 53. Kc2 Ra5 54. Qc4 Qa4+ 55. Kd3 Kd7 56. Rf7+ Ke8 57. Re7+ Kf8 58. Qxa4 Rxa4 59. Re6 Ra2 60. Rxd6 Rxg2 61. Rd8+ Kf7 62. Rd7+ Kf8 63. Ra7 Nf4+ 64. Kc4 Re2 65. d6 g2 66. Ra1 Rd2 67. Kxc5 Kf7 68. Ra7+ Kg8 69. Ra8+ Kf7 70. Ra7+ Ke8 71. Ra8+ 1/2-1/2

[Event "Rohde op"]
[Site "Sautron"]
[Date "2001.10.31"]
[Round "5"]
[White "Neverov, Valeriy"]
[Black "Istratescu, Andrei"]
[Result "1-0"]
[WhiteElo "2569"]
[BlackElo "2603"]
[PlyCount "83"]
[EventDate "2001.10.27"]
[Source "ChessBase"]
[SourceDate "2002.01.21"]

1. d4 Nf6 2. c4 e6 3. Nf3 b6 4. Nc3 Bb4 5. e3 Ne4 6. Qc2 Bb7 7. Bd3 Bxc3+ 8. bxc3 f5 9. O-O O-O 10. Nd2 Qh4 11. f3 Nxd2 12. Bxd2 Nc6 13. Be1 Qh6 14. Bf2 d6 15. Rfe1 Rae8 16. e4 f4 17. Qa4 Rd8 18. Rad1 Na5 19. c5 Kh8 20. cxd6 cxd6 21. c4 Ba6 22. e5 dxe5 23. Rxe5 Rc8 24. Rc1 Qf6 25. h3 Qf7 26. Re2 Qe8 27. Qb4 Qd7 28. Rec2 Nc6 29. Qa4 Ne5 30. Qxd7 Nxd7 31. Rc3 Kg8 32. Ra3 Nb8 33. g3 fxg3 34. Bxg3 Bb7 35. Bxb8 Rxb8 36. Be4 Rfd8 37. Rd1 a5 38. Rb3 Ba6 39. c5 b5 40. Rc3 b4 41. Rc2 Bb5 42. c6 1-0

[Event "Israel"]
[Site "?"]
[Date "1997.??.??"]
[Round "?"]
[White "Milov, V."]
[Black "Sutovskij, E."]
[Result "1-0"]
[WhiteElo "2610"]
[BlackElo "2560"]
[PlyCount "55"]
[EventDate "1997.??.??"]
[Source "ChessBase"]
[SourceDate "1996.10.01"]

1. d4 Nf6 2. c4 e6 3. Nc3 Bb4 4. e3 b6 5. f3 c5 6. d5 Ba6 7. e4 exd5 8. cxd5 Nxe4 9. fxe4 Bxc3+ 10. bxc3 Qh4+ 11. g3 Qxe4+ 12. Kf2 Qxh1 13. Bg2 Qxh2 14. Bg5 O-O 15. Bh4 Re8 16. Qd2 Re5 17. Re1 Rf5+ 18. Nf3 g5 19. Rh1 Qxh1 20. Bxh1 gxh4 21. g4 Rf6 22. Qg5+ Rg6 23. Qd8+ Kg7 24. Nxh4 Rxg4 25. Nf5+ Kg6 26. Ne7+ Kf6 27. d6 Nc6 28. Qxa8 1-0

[Event "EuTCh"]
[Site "Plovdiv"]
[Date "2003.10.13"]
[Round "3"]
[White "Kortschnoj, Viktor"]
[Black "Damljanovic, Branko"]
[Result "0-1"]
[WhiteElo "2580"]
[BlackElo "2589"]
[PlyCount "88"]
[EventDate "2003.10.10"]
[Source "Roberto Alvarez"]
[SourceDate "2003.10.20"]

1. d4 Nf6 2. c4 e6 3. Nf3 b6 4. Nc3 Bb4 5. e3 Ne4 6. Qc2 Bb7 7. Bd3 f5 8. O-O Bxc3 9. bxc3 O-O 10. Ba3 c5 11. dxc5 bxc5 12. Rab1 Qc7 13. Nd4 cxd4 14. Bxf8 Kxf8 15. cxd4 Nf6 16. f3 Nc6 17. Qb2 Nd8 18. e4 Qf4 19. Rbe1 Kg8 20. g3 Qc7 21. e5 Nh5 22. Qd2 g6 23. g4 Ng7 24. gxf5 gxf5 25. Re2 Nf7 26. Rg2 Kh8 27. c5 Rg8 28. Qe3 Qd8 29. Kh1 Nh5 30. Rxg8+ Qxg8 31. Bb5 Qd8 32. c6 Bxc6 33. Bxc6 dxc6 34. Rg1 a5 35. Qb3 Nf4 36. Qb7 Ng5 37. h4 Nf7 38. Rg2 Nxg2 39. Kxg2 Kg7 40. Qxc6 Qxd4 41. Qxe6 Qxe5 42. Qc4 f4 43. a4 Nh8 44. Qc6 Ng6 0-1

[Event "Dortmund"]
[Site "Dortmund"]
[Date "1986.??.??"]
[Round "?"]
[White "Smyslov, Vassily"]
[Black "Ribli, Zoltan"]
[Result "1/2-1/2"]
[WhiteElo "2575"]
[BlackElo "2585"]
[PlyCount "27"]
[EventDate "1986.04.??"]
[Source "ChessBase"]

1. d4 Nf6 2. Nf3 e6 3. c4 b6 4. Nc3 Bb7 5. e3 Bb4 6. Bd2 O-O 7. Bd3 c5 8. dxc5 Bxc5 9. O-O Be7 10. e4 d6 11. Re1 Nbd7 12. h3 Rc8 13. Bf4 Qc7 14. Bf1 1/2-1/2

[Event "XXIV Open"]
[Site "Cappelle La Grande FRA"]
[Date "2008.02.17"]
[Round "2"]
[White "Khruschiov, A."]
[Black "Fedorchuk, S."]
[Result "1/2-1/2"]
[WhiteElo "2504"]
[BlackElo "2652"]
[PlyCount "128"]
[EventDate "2008.02.16"]
[Source "www.chesslib.no"]
[SourceDate "2004.05.04"]

1. d4 Nf6 2. c4 e6 3. Nc3 Bb4 4. e3 c5 5. Bd3 O-O 6. Nf3 b6 7. O-O Bb7 8. Na4 cxd4 9. exd4 Re8 10. a3 Bf8 11. Re1 d6 12. Bg5 h6 13. Bh4 Be7 14. Nd2 Nc6 15. Nb3 Rc8 16. Nc3 Nb8 17. Nd2 d5 18. Rc1 Nc6 19. cxd5 Nxd5 20. Bxe7 Ncxe7 21. Nce4 Rxc1 22. Qxc1 Nf5 23. Nf3 Nde7 24. Bb5 Rf8 25. Qd2 Bxe4 26. Rxe4 Nd6 27. Re5 Nxb5 28. Rxb5 Nd5 29. Rb3 Qc7 30. g3 Rc8 31. Rd3 Qc1+ 32. Kg2 Qb1 33. Qe2 Rc1 34. Rd2 a5 35. h4 Kh7 36. Kh2 Nf6 37. Kg2 Nd5 38. Kh2 Kg8 39. Kg2 Qg6 40. Qe5 Kh7 41. Kh2 Ra1 42. Qe2 Qb1 43. Qd3+ Qxd3 44. Rxd3 Kg8 45. Kg2 Rc1 46. Ne5 Kf8 47. Kf3 Rc2 48. Rb3 Ke7 49. Ng4 a4 50. Rb5 Kd6 51. Ne3 Nxe3 52. fxe3 Kc6 53. Rb4 b5 54. e4 h5 55. Kf4 Rg2 56. Kf3 Rh2 57. Ke3 Rg2 58. Kf3 Rg1 59. Kf2 Rh1 60. Ke2 f6 61. d5+ exd5 62. exd5+ Kc5 63. d6 Rh2+ 64. Ke3 Kxd6 1/2-1/2

[Event "Corr"]
[Site "?"]
[Date "1998.??.??"]
[Round "?"]
[White "Holmberg Rune"]
[Black "Brookes John G"]
[Result "1/2-1/2"]
[WhiteElo "2567"]
[BlackElo "2586"]
[PlyCount "115"]
[EventDate "1998.??.??"]
[Source "www.chesslib.no"]
[SourceDate "2004.05.04"]

1. d4 Nf6 2. c4 e6 3. Nc3 Bb4 4. e3 b6 5. Bd3 Bb7 6. Nf3 O-O 7. O-O c5 8. Na4 Qe7 9. a3 Ba5 10. b3 Ne4 11. Bb2 d6 12. Qe2 Nd7 13. Rfd1 f5 14. Rac1 Ndf6 15. Ne1 Bc6 16. f3 Bxa4 17. bxa4 Ng5 18. Nc2 Qd7 19. Na1 Rae8 20. Bc2 cxd4 21. exd4 d5 22. Nb3 dxc4 23. Nxa5 bxa5 24. Qxc4 Nd5 25. Qb5 Qd6 26. Qd3 Rf6 27. Qe2 Rb8 28. Rb1 Rg6 29. Kh1 Nf7 30. g3 Rh6 31. Rg1 f4 32. Bc1 Rc8 33. gxf4 Nxf4 34. Qe4 Rxh2+ 35. Kxh2 Nd3+ 36. Bf4 Rxc2+ 37. Kg3 Nxf4 38. Qxc2 Ne2+ 39. Kf2 Nxg1 40. Kxg1 Qxd4+ 41. Kg2 Qd8 42. Rb5 Nd6 43. Rc5 Qf6 44. Qc3 Qg6+ 45. Kf2 Qh6 46. Qe3 Qh2+ 47. Ke1 Qh4+ 48. Ke2 Qh2+ 49. Kd1 Qa2 50. Rc2 Qd5+ 51. Ke1 Nf5 52. Rc8+ Kf7 53. Qxa7+ Kg6 54. Qa8 Qe5+ 55. Qe4 Qg3+ 56. Kd2 Qh2+ 57. Kc1 Qg1+ 58. Kd2 1/2-1/2

[Event "Hastings 71/565"]
[Site "?"]
[Date "1997.??.??"]
[Round "?"]
[White "Sadler, Matthew"]
[Black "Ward, Christopher"]
[Result "1/2-1/2"]
[WhiteElo "2665"]
[BlackElo "2485"]
[PlyCount "79"]
[EventDate "1997.??.??"]
[Source "ChessBase"]
[SourceDate "1997.10.01"]

1. d4 Nf6 2. c4 e6 3. Nc3 Bb4 4. e3 b6 5. Bd3 Bb7 6. Nf3 Ne4 7. O-O f5 8. d5 Bxc3 9. bxc3 Nc5 10. Ba3 Nba6 11. Re1 Qf6 12. Qc2 g6 13. e4 fxe4 14. Bxe4 O-O-O 15. Nd2 Rde8 16. Rad1 Qf7 17. d6 Nxe4 18. Nxe4 Qf5 19. dxc7 Bxe4 20. Rxe4 Nc5 21. Bxc5 Qxc5 22. Red4 Re7 23. Qa4 Qxc7 24. c5 bxc5 25. Rd6 Rf8 26. Qb5 Rf5 27. c4 h5 28. Rb1 Kd8 29. Qa6 Ref7 30. Rb7 Rxf2 31. Rxd7+ Qxd7 32. Rxd7+ Kxd7 33. Qxa7+ Kd6 34. Qb6+ Kd7 35. Qb5+ Kd6 36. Qb8+ Kd7 37. Qb5+ Kd6 38. Qb6+ Kd7 39. Qb7+ Kd6 40. Qb6+ 1/2-1/2

[Event "Werfen op-A"]
[Site "Werfen"]
[Date "1996.??.??"]
[Round "7"]
[White "Malaniuk, Vladimir P"]
[Black "Ikonnikov, Vyacheslav"]
[Result "1/2-1/2"]
[WhiteElo "2610"]
[BlackElo "2540"]
[PlyCount "29"]
[EventDate "1996.??.??"]
[Source "www.chesslib.no"]
[SourceDate "2004.05.04"]

1. d4 Nf6 2. c4 e6 3. Nc3 Bb4 4. e3 b6 5. Bd3 Bb7 6. Nf3 Ne4 7. O-O f5 8. Ne2 Bd6 9. b3 O-O 10. Bb2 c5 11. dxc5 bxc5 12. Ng3 Bxg3 13. hxg3 d6 14. Nd2 Qe7 15. Qc2 1/2-1/2

[Event "USA-ch"]
[Site "USA"]
[Date "1988.??.??"]
[Round "?"]
[White "Gulko, Boris F"]
[Black "De Firmian, Nick E"]
[Result "1/2-1/2"]
[WhiteElo "2590"]
[BlackElo "2560"]
[PlyCount "33"]
[EventDate "1988.10.??"]
[Source "ChessBase"]

1. d4 Nf6 2. c4 e6 3. Nc3 Bb4 4. e3 b6 5. Bd3 Bb7 6. Nf3 O-O 7. O-O c5 8. Na4 cxd4 9. a3 Be7 10. exd4 d6 11. Re1 Nbd7 12. Nc3 d5 13. cxd5 Nxd5 14. Bd2 Rc8 15. Nxd5 Bxd5 16. Ba6 Ra8 17. Rc1 1/2-1/2

[Event "Olimpiadi 2008 - open"]
[Site "Dresda GER"]
[Date "2008.11.22"]
[Round "9"]
[White "Georgiev, Vl"]
[Black "Istratescu, A."]
[Result "1-0"]
[WhiteElo "2517"]
[BlackElo "2633"]
[PlyCount "49"]
[EventDate "2008.11.13"]
[Source "www.chesslib.no"]
[SourceDate "2004.05.04"]

1. d4 Nf6 2. c4 e6 3. Nc3 Bb4 4. e3 b6 5. Bd3 Bb7 6. Nf3 Ne4 7. O-O Bxc3 8. bxc3 f5 9. Ba3 Qf6 10. Nd2 Nxd2 11. Qxd2 d6 12. c5 dxc5 13. dxc5 Nd7 14. Bb5 O-O-O 15. cxb6 Ne5 16. Qe2 Rd2 17. Ba6 Rxe2 18. bxa7 Kd7 19. Bxb7 c6 20. Rfd1+ Kc7 21. Rab1 Nc4 22. Ba6 c5 23. Rb7+ Kc6 24. Rb8 Nb6 25. Rxh8 1-0

[Event "It (Men) Santiago CHI"]
[Site "?"]
[Date "2006.03.26"]
[Round "6"]
[White "Hellsten Johan"]
[Black "Leitao Rafael"]
[Result "1/2-1/2"]
[WhiteElo "2574"]
[BlackElo "2575"]
[PlyCount "51"]
[EventDate "2006.??.??"]
[Source "www.chesslib.no"]
[SourceDate "2004.05.04"]

1. d4 Nf6 2. c4 e6 3. Nc3 Bb4 4. e3 b6 5. Bd3 Bb7 6. Nf3 Ne4 7. O-O f5 8. Ne5 O-O 9. Ne2 Bd6 10. b3 c5 11. f3 Nf6 12. Bb2 Nc6 13. Qe1 Qc7 14. Nxc6 dxc6 15. Qh4 Rae8 16. Rad1 Bc8 17. Bb1 cxd4 18. Nxd4 a6 19. Rd2 c5 20. Ne2 Rd8 21. Rfd1 Be7 22. Qf4 Qxf4 23. Nxf4 Rxd2 24. Rxd2 Rd8 25. Rxd8+ Bxd8 26. Nd3 1/2-1/2

[Event "TCh-CZE 2002-3"]
[Site "Czech Rep"]
[Date "2003.02.16"]
[Round "7"]
[White "Babula, Vlastimil"]
[Black "Stocek, Jiri"]
[Result "1/2-1/2"]
[WhiteElo "2581"]
[BlackElo "2563"]
[PlyCount "65"]
[EventDate "2003.01.01"]
[Source "Roberto Alvarez"]
[SourceDate "2003.04.28"]

1. d4 Nf6 2. c4 e6 3. Nc3 Bb4 4. e3 b6 5. Bd3 Bb7 6. Nf3 O-O 7. O-O Re8 8. Bd2 d6 9. Re1 c5 10. e4 cxd4 11. Nxd4 Nbd7 12. a3 Bxc3 13. Bxc3 Nc5 14. f3 Nxd3 15. Qxd3 Ba6 16. a4 d5 17. Nb5 Bxb5 18. axb5 dxe4 19. Qxd8 Rexd8 20. fxe4 h5 21. Bxf6 gxf6 22. Kf2 Rd3 23. Re3 Rd2+ 24. Re2 Rd3 25. Rc2 Kf8 26. Ke2 Rd4 27. Ke3 e5 28. Ra3 Rad8 29. Rxa7 Rd3+ 30. Ke2 R3d4 31. Ke3 Rd3+ 32. Ke2 R3d4 33. Ke3 1/2-1/2

[Event "New York"]
[Site "?"]
[Date "1996.??.??"]
[Round "?"]
[White "Dzindzichashvili, R."]
[Black "de Firmian, N."]
[Result "1/2-1/2"]
[WhiteElo "2545"]
[BlackElo "2595"]
[PlyCount "117"]
[EventDate "1996.??.??"]
[Source "ChessBase"]
[SourceDate "1996.02.01"]

1. d4 Nf6 2. c4 e6 3. Nc3 Bb4 4. e3 b6 5. Bd3 Bb7 6. Nge2 Bxg2 7. Rg1 Be4 8. a3 Bxc3+ 9. Nxc3 Bxd3 10. Qxd3 Nh5 11. e4 Nc6 12. Be3 d6 13. O-O-O Ne7 14. c5 g6 15. cxd6 cxd6 16. Kb1 d5 17. f3 Qd7 18. Ne2 f5 19. e5 h6 20. h4 Kf7 21. Qd2 Kg7 22. Nf4 Nxf4 23. Bxf4 h5 24. Bg5 Rhg8 25. Bf6+ Kh7 26. Qb4 Nc6 27. Qd6 Rad8 28. Bxd8 Qxd6 29. exd6 Rxd8 30. f4 Rxd6 31. Rg3 Kg7 32. Rdg1 Ne7 33. Kc2 Kf7 34. Rc3 Ke8 35. b4 a6 36. Kd3 Kd8 37. Rgc1 Rd7 38. a4 Ra7 39. R3c2 Rd7 40. Re2 Rd6 41. b5 a5 42. Rce1 Kd7 43. Re3 Ng8 44. Rg3 Ne7 45. Reg1 Ke8 46. R3g2 Rd7 47. Rxg6 Nxg6 48. Rxg6 Ke7 49. Rh6 Rc7 50. Rxh5 Rc4 51. Rh7+ Kf6 52. Rb7 Rxa4 53. Rxb6 Rb4 54. h5 a4 55. h6 Kg6 56. Rxe6+ Kh7 57. Ra6 Rxb5 58. Rxa4 Kxh6 59. Ra8 1/2-1/2

[Event "Helsinki op"]
[Site "Helsinki"]
[Date "1992.??.??"]
[Round "9"]
[White "Vladimirov, Evgeny"]
[Black "Romanishin, Oleg M"]
[Result "1/2-1/2"]
[WhiteElo "2585"]
[BlackElo "2555"]
[PlyCount "22"]
[EventDate "1992.09.??"]
[Source "ChessBase"]

1. d4 Nf6 2. Nf3 e6 3. c4 b6 4. Nc3 Bb7 5. e3 Bb4 6. Bd2 Bxc3 7. Bxc3 Ne4 8. Rc1 d6 9. Be2 Nd7 10. O-O O-O 11. Nd2 Nxc3 1/2-1/2

[Event "Saraybahce GP"]
[Site "?"]
[Date "2002.08.23"]
[Round "7"]
[White "Jobava Baadur"]
[Black "Moiseenko Alexander"]
[Result "1-0"]
[WhiteElo "2562"]
[BlackElo "2578"]
[PlyCount "129"]
[EventDate "2002.??.??"]
[Source "www.chesslib.no"]
[SourceDate "2004.05.04"]

1. d4 Nf6 2. c4 e6 3. Nc3 Bb4 4. e3 b6 5. Bd3 Bb7 6. Nf3 O-O 7. O-O c5 8. Qe2 cxd4 9. exd4 Bxc3 10. bxc3 d6 11. Bf4 Qe7 12. Rfe1 Rd8 13. Qe3 Nbd7 14. Nh4 Ne8 15. Bg5 Ndf6 16. d5 e5 17. f4 h6 18. Nf5 Qf8 19. fxe5 dxe5 20. Bxf6 Nxf6 21. Qxe5 Qc5+ 22. Kh1 Kf8 23. Qg3 g6 24. Nxh6 Qd6 25. Qf3 Re8 26. Rf1 Kg7 27. Ng4 Nxg4 28. Qxg4 Re3 29. Rf3 Rxf3 30. Qxf3 Rh8 31. h3 Qe5 32. Rf1 f5 33. Qe2 Qxe2 34. Bxe2 Re8 35. Bd3 Re3 36. Rf3 Re1+ 37. Kh2 Bc8 38. c5 bxc5 39. Bb5 Kf6 40. Rd3 a6 41. Bc6 c4 42. Rd4 Re4 43. Rxe4 fxe4 44. d6 e3 45. Kg3 Ke5 46. d7 Bxd7 47. Bxd7 Ke4 48. Be6 Kd3 49. Kf3 e2 50. Bxc4+ Kxc4 51. Kxe2 Kxc3 52. h4 a5 53. a4 Kd4 54. Kf3 Ke5 55. Kg4 Kf6 56. Kf4 Kg7 57. Kg5 Kf7 58. h5 gxh5 59. Kxh5 Kf6 60. g4 Kf7 61. Kh6 Kg8 62. Kg6 Kh8 63. g5 Kg8 64. Kh6 Kh8 65. g6 1-0

[Event "Monarch Assurance"]
[Site "Port Erin"]
[Date "2004.09.27"]
[Round "3.6"]
[White "Moiseenko, Alexander"]
[Black "Pavlovic, Milos1"]
[Result "1/2-1/2"]
[WhiteElo "2640"]
[BlackElo "2498"]
[PlyCount "144"]
[EventDate "2004.09.25"]
[Source "Roberto Alvarez"]
[SourceDate "2004.10.05"]

1. d4 Nf6 2. c4 e6 3. Nc3 Bb4 4. e3 b6 5. Bd3 Bb7 6. Nf3 O-O 7. O-O Re8 8. Bd2 d6 9. a3 Bxc3 10. Bxc3 Nbd7 11. Nd2 c5 12. b4 cxd4 13. Bxd4 Qe7 14. Re1 e5 15. Bb2 Qe6 16. Rc1 Rac8 17. Bf1 h5 18. Nb1 Ba6 19. Nd2 Bb7 20. h3 Red8 21. Qb3 Nf8 22. Nb1 Ne4 23. f3 Ng3 24. Qc2 Nxf1 25. Rxf1 Ba6 26. Nd2 d5 27. Rfd1 dxc4 28. Ne4 Rd3 29. b5 Bb7 30. Rxd3 cxd3 31. Qxd3 Rxc1+ 32. Bxc1 Qg6 33. Nf2 f6 34. e4 Qe8 35. a4 Qd7 36. Qc3 a6 37. bxa6 Bxa6 38. Qb3+ Qe6 39. Qb4 Nd7 40. Be3 Kf7 41. Kh2 Ke8 42. Nd1 Qc4 43. Qd6 Qd3 44. Qe6+ Kf8 45. Bxb6 Bc4 46. Bc5+ Nxc5 47. Qc8+ Kf7 48. Qxc5 Qd4 49. Qxd4 exd4 50. Nf2 Ba6 51. Kg3 Ke6 52. h4 g5 53. hxg5 fxg5 54. f4 h4+ 55. Kf3 gxf4 56. Kxf4 Bf1 57. Kf3 Ke5 58. a5 Bb5 59. Nd1 Kd6 60. Nf2 Bf1 61. Ng4 h3 62. gxh3 Bxh3 63. Nf2 Bc8 64. Kf4 Kc5 65. e5 Kb5 66. Ke4 Kc4 67. Nd1 Bb7+ 68. Kf5 Kb4 69. e6 Bc8 70. Ke5 Bxe6 71. a6 Bc8 72. a7 Bb7 1/2-1/2

[Event "4th IECC"]
[Site "Istanbul"]
[Date "2003.06.13"]
[Round "13"]
[White "Korobov, Anton"]
[Black "Pelletier, Yannick"]
[Result "1/2-1/2"]
[WhiteElo "2513"]
[BlackElo "2623"]
[PlyCount "88"]
[EventDate "2003.05.30"]
[Source "Roberto Alvarez"]
[SourceDate "2003.06.23"]

1. d4 e6 2. c4 Nf6 3. Nc3 Bb4 4. e3 b6 5. Bd3 Bb7 6. Nf3 O-O 7. O-O c5 8. Na4 Qe7 9. a3 Ba5 10. Nd2 Bxd2 11. Bxd2 Be4 12. Be2 d6 13. b4 Nbd7 14. f3 Bc6 15. Bc3 Rfd8 16. Ra2 d5 17. b5 Bb7 18. Rd2 cxd4 19. Bb4 Qe8 20. Rxd4 Rac8 21. Nc3 dxc4 22. Qd2 Nc5 23. Rd1 Rxd4 24. Qxd4 Bd5 25. Qe5 Ncd7 26. Qd6 Bb7 27. e4 e5 28. g3 h6 29. Bf1 Qe6 30. Qxe6 fxe6 31. a4 Kf7 32. Rc1 g5 33. g4 Nc5 34. Bxc4 Nfd7 35. Rd1 Nf8 36. Ba2 Rc7 37. a5 bxa5 38. Bxa5 Ng6 39. Bb4 Kf6 40. Ne2 a6 41. b6 Rc6 42. Kf2 Na4 43. Rd7 Rxb6 44. Ba5 Nc5 1/2-1/2

[Event "It Open"]
[Site "Philadelphia, PA USA"]
[Date "1993.??.??"]
[Round "4"]
[White "Mason, James"]
[Black "Ehlvest, Jaan"]
[Result "1-0"]
[WhiteElo "2510"]
[BlackElo "2625"]
[PlyCount "55"]
[EventDate "1993.??.??"]
[Source "www.chesslib.no"]
[SourceDate "2004.05.04"]

1. d4 Nf6 2. c4 e6 3. Nc3 Bb4 4. e3 b6 5. Qb3 c5 6. Bd3 Bb7 7. f3 Nc6 8. Nge2 O-O 9. O-O d5 10. cxd5 exd5 11. Qd1 Qc8 12. Bd2 Ba6 13. Be1 Re8 14. Bh4 Rxe3 15. Bxa6 Qxa6 16. Bxf6 gxf6 17. Nf4 Bxc3 18. bxc3 Qc4 19. Qd2 Qxc3 20. Qxc3 Rxc3 21. Nxd5 Rd3 22. Nxf6+ Kg7 23. Nh5+ Kh6 24. g4 Rxd4 25. Ng3 Re8 26. Rf2 Rd3 27. Nf5+ Kg5 28. Kg2 1-0

[Event "II Torneo de las Américas"]
[Site "Buenos Aires"]
[Date "2003.08.27"]
[Round "9"]
[White "Kaidanov, Gregory S"]
[Black "Slipak, Sergio"]
[Result "1/2-1/2"]
[WhiteElo "2638"]
[BlackElo "2497"]
[PlyCount "132"]
[EventDate "2003.08.17"]
[Source "Roberto Alvarez"]
[SourceDate "2003.09.01"]

1. d4 Nf6 2. c4 e6 3. Nc3 Bb4 4. e3 b6 5. Bd3 Bb7 6. Nf3 O-O 7. O-O c5 8. Na4 cxd4 9. a3 Bd6 10. exd4 Bxf3 11. Qxf3 Nc6 12. Be3 e5 13. dxe5 Nxe5 14. Qd1 Bc7 15. Be2 d5 16. c5 Ne4 17. cxb6 axb6 18. Rc1 Qd6 19. g3 Rfd8 20. Rxc7 Qxc7 21. Bxb6 Qb7 22. Bxd8 Rxd8 23. Qd4 Nc6 24. Qe3 f5 25. f3 d4 26. Qc1 Qa7 27. Bd3 Nc3 28. Bc4+ Kh8 29. Nxc3 dxc3+ 30. Kh1 cxb2 31. Qxb2 Qe3 32. a4 h6 33. Qe2 Qc3 34. Bb5 Nd4 35. Qd3 Qb2 36. Rb1 Qf2 37. Rf1 Qb2 38. Rb1 Qf2 39. Qf1 Qe3 40. Re1 Qc3 41. Rc1 Qe3 42. Rd1 Rd6 43. Bc4 Qa3 44. Ra1 Qc3 45. Rc1 Qa3 46. Ra1 Qc3 47. Rb1 Rd8 48. Qd3 Qa5 49. Bb5 Qa8 50. Rd1 Rd6 51. Qf1 Qb7 52. Be2 Qa8 53. Bb5 Qb7 54. Rb1 Qa8 55. Re1 Kh7 56. Kg2 Qd5 57. Rd1 Qa2+ 58. Kh1 Qb2 59. Bd3 Qc3 60. Qe1 Qc6 61. Qf2 Qxa4 62. Bc2 Qc6 63. Rxd4 Rxd4 64. Bxf5+ Kh8 65. Qxd4 Qxf3+ 66. Kg1 Qxf5 1/2-1/2

[Event "6. EICC"]
[Site "?"]
[Date "2005.06.30"]
[Round "12"]
[White "Dizdar Goran"]
[Black "Iordachescu Viorel"]
[Result "1-0"]
[WhiteElo "2524"]
[BlackElo "2609"]
[PlyCount "81"]
[EventDate "2005.??.??"]
[Source "www.chesslib.no"]
[SourceDate "2004.05.04"]

1. Nf3 Nf6 2. c4 e6 3. d4 b6 4. e3 Bb7 5. Nc3 Bb4 6. Bd3 O-O 7. O-O c5 8. Na4 cxd4 9. exd4 Re8 10. a3 Bf8 11. Bg5 h6 12. Bh4 d6 13. Re1 Nbd7 14. Nc3 Rc8 15. b4 a6 16. Rc1 Rc7 17. Nd2 Qa8 18. Bf1 g6 19. Nb3 Bg7 20. f3 Nh5 21. Qd2 Kh7 22. Bf2 f5 23. a4 Nhf6 24. a5 bxa5 25. Nxa5 Bc8 26. c5 dxc5 27. dxc5 Nb8 28. Qa2 e5 29. Bc4 Bb7 30. b5 e4 31. c6 Bc8 32. b6 Rxc6 33. Nxc6 Nxc6 34. Nd5 Ne5 35. Nc7 Qb8 36. Nxe8 Nxe8 37. Bxa6 Bd7 38. Be2 exf3 39. Bxf3 Nd3 40. Qa7 Qd6 41. Rcd1 1-0

[Event "Mind Sports Games - Rapid Ind"]
[Site "Pechino CINA"]
[Date "2008.10.06"]
[Round "7"]
[White "Korobov, A."]
[Black "Paragua, M."]
[Result "1-0"]
[WhiteElo "2605"]
[BlackElo "2526"]
[PlyCount "63"]
[EventDate "2008.10.05"]
[Source "www.chesslib.no"]
[SourceDate "2004.05.04"]

1. d4 Nf6 2. c4 e6 3. Nc3 Bb4 4. e3 O-O 5. Bd3 b6 6. Nf3 Bb7 7. O-O c5 8. Na4 Na6 9. a3 Ba5 10. d5 exd5 11. cxd5 d6 12. e4 Re8 13. Bg5 h6 14. Bh4 Nc7 15. Rb1 b5 16. b4 cxb4 17. axb4 bxa4 18. bxa5 Ba6 19. Re1 a3 20. Nd4 a2 21. Ra1 Bxd3 22. Nc6 Qd7 23. Qxd3 g5 24. Bg3 Nh5 25. Rxa2 f5 26. f3 fxe4 27. fxe4 Nxg3 28. hxg3 Qg7 29. e5 dxe5 30. d6 Ne6 31. Rxe5 Qd7 32. Qg6+ 1-0

[Event "FRG Ch int 4th"]
[Site "Bad Lauterberg GER"]
[Date "1977.??.??"]
[Round "4"]
[White "Gligoric, Svetozar"]
[Black "Andersson, Ulf"]
[Result "1/2-1/2"]
[WhiteElo "2565"]
[BlackElo "2565"]
[PlyCount "114"]
[EventDate "1977.03.??"]
[Source "www.chesslib.no"]
[SourceDate "2004.05.04"]

1. d4 Nf6 2. c4 e6 3. Nc3 Bb4 4. e3 b6 5. Bd3 Bb7 6. Nf3 c5 7. O-O O-O 8. Na4 cxd4 9. exd4 Re8 10. Bg5 Be7 11. Re1 d6 12. Nc3 Nbd7 13. Qe2 Rc8 14. Rad1 d5 15. Ne5 Nf8 16. Bxf6 Bxf6 17. cxd5 Bxd5 18. Ba6 Rc7 19. Bb5 Ree7 20. Ng4 Bg5 21. Qe5 h6 22. Qg3 f5 23. Ne5 Qa8 24. Ba4 Kh7 25. Nxd5 Qxd5 26. Bb3 Qb5 27. Qf3 g6 28. g3 Bf6 29. h4 h5 30. Qf4 a5 31. Nf3 Ra7 32. d5 exd5 33. Rxe7+ Rxe7 34. Rxd5 Qb4 35. Qxb4 axb4 36. Rd6 Bxb2 37. Rxb6 Bc3 38. Rc6 Bb2 39. Rc4 Rb7 40. Ne1 Bf6 41. Nd3 Be7 42. Rc6 Kg7 43. Nf4 Bf6 44. Kf1 Be5 45. Nd3 Bb8 46. Rc8 Bd6 47. Rc6 Bb8 48. Ke2 Nd7 49. Rc8 Bd6 50. Rg8+ Kf6 51. Rd8 Ke7 52. Rc8 Rb8 53. Rc1 Nf6 54. Rc6 Nd7 55. Ra6 Rb7 56. Kf3 Rc7 57. Ke2 Nc5 1/2-1/2

[Event "25th Open"]
[Site "Oberwart"]
[Date "2003.??.??"]
[Round "8"]
[White "Shariyazdanov, Andrey"]
[Black "Pavlovic, Milos"]
[Result "1/2-1/2"]
[WhiteElo "2565"]
[BlackElo "2565"]
[PlyCount "113"]
[EventDate "2003.07.05"]
[Source "Roberto Alvarez"]
[SourceDate "2003.07.14"]

1. d4 e6 2. c4 Bb4+ 3. Nc3 b6 4. e3 Nf6 5. Bd3 Bb7 6. Nf3 O-O 7. O-O Bxc3 8. bxc3 d6 9. Nd2 e5 10. e4 Nc6 11. Nb3 Ne7 12. f3 Ng6 13. g3 Re8 14. Be3 c6 15. d5 Rc8 16. Qd2 Qc7 17. Rfc1 Ne7 18. a4 Nd7 19. a5 Rb8 20. Bf1 c5 21. axb6 axb6 22. Bh3 Bc8 23. Ra3 Nf8 24. Bg2 f5 25. Rca1 h6 26. Nc1 Nh7 27. Nd3 Nf6 28. Kh1 Ng6 29. Ra7 Rb7 30. Rxb7 Qxb7 31. Qb2 Rf8 32. exf5 Bxf5 33. Nf2 Ra8 34. Rxa8+ Qxa8 35. Kg1 Qa6 36. Bf1 Ne7 37. Be2 Bh7 38. Bc1 Nd7 39. Nd1 Nf5 40. Kf2 Nf6 41. g4 Nh4 42. g5 hxg5 43. Bxg5 Ng6 44. Ne3 Nf4 45. Bxf4 exf4 46. Ng2 Nh5 47. Qd2 g5 48. Bd3 Bxd3 49. Qxd3 Qa2+ 50. Kf1 Kg7 51. Qf5 Qxc4+ 52. Kg1 Qxc3 53. Qxg5+ Kf8 54. Qxh5 Qc1+ 55. Kf2 Qd2+ 56. Kf1 Qd3+ 57. Kf2 1/2-1/2

[Event "Porzellan Cup"]
[Site "Dresden"]
[Date "2001.??.??"]
[Round "3"]
[White "Graf, Alexander"]
[Black "Horvath, Adam"]
[Result "1/2-1/2"]
[WhiteElo "2649"]
[BlackElo "2478"]
[PlyCount "108"]
[EventDate "2001.01.??"]
[Source "ChessBase"]
[SourceDate "2001.03.08"]

1. d4 Nf6 2. c4 e6 3. Nc3 Bb4 4. Nf3 b6 5. e3 Bb7 6. Bd2 Bxc3 7. Bxc3 Ne4 8. Rc1 O-O 9. Be2 d6 10. O-O f5 11. Be1 Nd7 12. Nd2 Qe7 13. f3 Nxd2 14. Qxd2 e5 15. Bf2 e4 16. f4 c5 17. d5 Qf6 18. a3 Rfc8 19. Qc3 Qxc3 20. Rxc3 a5 21. b3 Rc7 22. g4 Nf6 23. h3 Bc8 24. g5 Ne8 25. Rb1 Bd7 26. Be1 Rca7 27. Kf2 Kf7 28. Rc2 Nc7 29. b4 axb4 30. axb4 Ke7 31. Bc3 Ne8 32. bxc5 bxc5 33. Ke1 Kd8 34. Rcb2 Ra1 35. Rb8+ Rxb8 36. Rxa1 Kc8 37. h4 g6 38. h5 Nc7 39. hxg6 hxg6 40. Kf2 Be8 41. Rh1 Ra8 42. Bf6 Ra2 43. Be7 Ra6 44. Rh7 Rb6 45. Rh8 Kd7 46. Bf6 Ra6 47. Kg3 Ra8 48. Rh7+ Kc8 49. Be7 Ra6 50. Bd1 Kd7 51. Bf6+ Kc8 52. Rh8 Kd7 53. Bh5 gxh5 54. g6 Ra8 1/2-1/2